Вып. 29; Теория вероятностей и математическая статистика

Detalhes bibliográficos
Parent link:Теория вероятностей и математическая статистика: республиканский межведомственный научный сборник/ Киевский государственный университет. Вып. 29.— , 1970-1991
Outros Autores: Скороход А. В. Анатолий Владимирович (редактор)
Idioma:russo
Publicado em: 1983
Assuntos:
Formato: MixedMaterials Livro
KOHA link:https://koha.lib.tpu.ru/cgi-bin/koha/opac-detail.pl?biblionumber=304011

MARC

LEADER 00000nam2a2200000 4500
001 304011
005 20231102001647.0
035 |a (RuTPU)RU\TPU\book\329246 
035 |a RU\TPU\book\304107 
090 |a 304011 
100 |a 20150909d1983 k y0rusy5003 ca 
101 0 |a rus 
102 |a UA 
105 |a y z 001zy 
200 0 |a Вып. 29  |f отв. ред. А. В. Скороход 
210 |d 1983 
215 |a 129 с. 
461 1 |0 (RuTPU)RU\TPU\book\148339  |t Теория вероятностей и математическая статистика  |o республиканский межведомственный научный сборник  |f Киевский государственный университет  |v Вып. 29  |d 1970-1991 
606 1 |a Вероятностей теория и математическая статистика  |2 stltpush  |3 (RuTPU)RU\TPU\subj\2260  |9 30847 
610 1 |a теория вероятностей 
610 1 |a исследования 
610 1 |a случайные процессы 
610 1 |a теория массового обслуживания 
675 |a 519.2  |z rus  |v 3 
702 1 |a Скороход  |b А. В.  |g Анатолий Владимирович  |4 340 
801 0 |a RU  |b RuMRKP  |c 19950704  |g psbo 
801 1 |a RU  |b 63413507  |c 20070913  |g PSBO 
801 2 |a RU  |b 63413507  |c 20170327  |g PSBO 
942 |c BK